000 01242cam a2200313 a 4500
999 _c331022
_d331022
001 17387202
003 NUST
005 20180117090030.0
008 120716s2013 caua b 001 0 eng
010 _a 2012028230
020 _a9781452219905 (cloth : alk. paper)
040 _aDLC
_cDLC
_dDLC
042 _apcc
050 0 0 _aBF176
_b.M38 2013
082 0 0 _a150.28/7
_223
100 1 _aMiller, Leslie A.
_94411
245 1 0 _aFoundations of psychological testing :
_ba practical approach /
_cLeslie A. Miller, Robert L. Lovler, Sandra A. McIntire.
250 _a4th ed.
260 _aLos Angeles :
_bSAGE Publications,
_cc2013.
300 _axx, 624 p. :
_bill. (some col.) ;
_c26 cm.
504 _aIncludes bibliographical references (p. 574-592) and indexes.
650 0 _aPsychological tests.
_93193
700 1 _aLovler, Robert L.
_94412
700 1 _aMcIntire, Sandra A.,
_d1944-
_94413
906 _a7
_bcbc
_corignew
_d1
_eecip
_f20
_gy-gencatlg
942 _2ddc
_cBK